Sports Quiz

Random Sports Quiz
Score 0/47 Timer 20:00
0 Plays Today
% Correct
Jorge Posada
95.7%
Robinson Cano
95.7%
Derek Jeter
95.7%
Alex Rodriguez
91.3%
Mark Teixeira
91.3%
CC Sabathia
89.1%
Nick Swisher
89.1%
A.J. Burnett
87%
Phil Hughes
84.8%
Joba Chamberlain
82.6%
Brett Gardner
80.4%
Andy Pettitte
78.3%
Mariano Rivera
78.3%
Curtis Granderson
76.1%
Francisco Cervelli
69.6%
Ramiro Pena
58.7%
Lance Berkman
56.5%
Marcus Thames
56.5%
Javier Vazquez
54.3%
Nick Johnson
52.2%
Boone Logan
47.8%
David Robertson
47.8%
Kerry Wood
47.8%
Austin Kearns
47.8%
% Correct
Alfredo Aceves
43.5%
Eduardo Nunez
43.5%
Sergio Mitre
41.3%
Ivan Nova
34.8%
Chad Moeller
32.6%
Chad Gaudin
28.3%
Greg Golson
26.1%
Kevin Russo
23.9%
Juan Miranda
23.9%
Jonathan Albaladejo
21.7%
Dustin Moseley
19.6%
Colin Curtis
19.6%
Royce Ring
17.4%
Andrew Brackman
6.5%
Romulo Sanchez
6.5%
Hector Noesi
2.2%
Steve Garrison
0%
Dellin Betances
0%
Domaso Marte
0%
Ryan Rope
0%
Reggie Corona
0%
Brandon Laird
0%
Melky Mesa
0%
Remove Ads.
Support Sporcle.
Get the best of Sporcle when you Go Orange. This ad-free experience offers more features, more stats, and more fun while also helping to support Sporcle. Thank you for becoming a member.

You're not logged in!

Compare scores with friends on all Sporcle quizzes.
OR
Log In

Show Comments

Extras

Top Quizzes Today


Score Distribution

Your Account Isn't Verified!

In order to create a playlist on Sporcle, you need to verify the email address you used during registration. Go to your Sporcle Settings to finish the process.

Report this User

Report this user for behavior that violates our Community Guidelines.

Details: